00454cam a2200181ua 450000100060000000800390000604000090004504100120005408200120006610000180007824500260009625000100012226000360013230000200016865300400018870000280022870000160025610127160304n2001 II |||gr||||Z||||||eng aMAIN aEnglish a531 GUP aGUPTA , S.L . aCLASSIACAL MECHANICS  a19TH. aMEERUTbPRAGATI PRAKASHANc2001 a(1--p.):c20CM. aClassical mechanics solid mechanics aGUPTA , S.L .,eAuthor. aKUMAR , V .